[Event "WJCC U20 Girls 2019"]
[Site "New Delhi"]
[Date "2019.10.25"]
[Round "11.14"]
[White "Potluri Supreetha"]
[Black "Cervantes Landeiro, Thalia"]
[Result "0-1"]
[WhiteElo "1767"]
[BlackElo "2176"]
[Annotator "TA"]
[PlyCount "78"]
[EventDate "2019.10.15"]
[EventType "swiss"]
[EventCountry "IND"]
[SourceTitle "playchess.com"]
[Source "ChessBase"]
[SourceQuality "1"]

1. d4 Nf6 2. Nf3 g6 3. g3 d5 4. Bg2 Bg7 5. O-O O-O 6. c4 dxc4 7. Na3 c3 8. bxc3 c5 9. e3 Nc6 10. Bb2 cxd4 11. exd4 Bf5 12. Re1 Rc8 13. Qe2 Qb6 14. Nc4 Qa6 15. Nfd2 Bg4 16. Qe3 Be6 17. Bf1 Qa4 18. Na3 Qa5 19. h3 Rfd8 20. Nb3 Qc7 21. c4 Nb4 22. Qd2 a5 23. Nb5 Qd7 24. Nxa5 Nc6 25. Nb3 Bxh3 26. d5 Bxf1 27. Rxf1 Qh3 28. Bxf6 Bxf6 29. Rae1 Ne5 30. Rxe5 Bxe5 31. Qe3 Bf6 32. Nc5 b6 33. Ne4 Qf5 34. d6 Rd7 35. Nxf6+ Qxf6 36. Qxb6 exd6 37. Rd1 Rxc4 38. a4 Rxa4 39. Qc6 Ra1 0-1

[Event "WJCC U20 Girls 2019"]
[Site "New Delhi"]
[Date "2019.10.25"]
[Round "11.15"]
[White "Pandey Srishti"]
[Black "Chitlange Sakshi"]
[Result "0-1"]
[WhiteElo "1963"]
[BlackElo "2175"]
[Annotator "TA"]
[PlyCount "108"]
[EventDate "2019.10.15"]
[EventType "swiss"]
[EventCountry "IND"]
[SourceTitle "playchess.com"]
[Source "ChessBase"]
[SourceQuality "1"]

1. e4 c6 2. d4 d5 3. exd5 cxd5 4. c4 Nf6 5. Nc3 Nc6 6. Bg5 dxc4 7. Bxc4 h6 8. Bh4 e6 9. Nf3 Be7 10. O-O O-O 11. Re1 Bd7 12. Qe2 Nh5 13. Bg3 Bb4 14. Rad1 Nxg3 15. hxg3 Ne7 16. Ne5 Bxc3 17. bxc3 Qc7 18. Bb3 Nc6 19. Qd3 Nxe5 20. Rxe5 b5 21. g4 Rac8 22. Rc1 Qd6 23. Rce1 Rfd8 24. R1e3 b4 25. c4 Be8 26. d5 exd5 27. Rxd5 Qc7 28. Qe2 Kf8 29. Rde5 a5 30. Re7 Qd6 31. Ra7 Ra8 32. c5 Qf6 33. Rxa8 Rxa8 34. Rf3 Qe7 35. Qc2 Kg8 36. Re3 Qf6 37. Qe2 Kf8 38. Qd3 Qg6 39. Qd4 Rc8 40. Re5 Qf6 41. Qe3 a4 42. Bc4 Rb8 43. g5 hxg5 44. Rxg5 g6 45. Rg3 Bc6 46. Qh6+ Qg7 47. Qd2 Qa1+ 48. Kh2 Qe5 49. Kg1 Re8 50. Qxb4 Qa1+ 51. Kh2 Re1 52. Qb8+ Kg7 53. Re3 Rh1+ 54. Kg3 Rh5 0-1

[Event "WJCC U20 Girls 2019"]
[Site "New Delhi"]
[Date "2019.10.25"]
[Round "11.16"]
[White "Harshita Guddanti"]
[Black "Narva, Mai"]
[Result "0-1"]
[WhiteElo "2123"]
[BlackElo "2378"]
[Annotator "RC"]
[PlyCount "72"]
[EventDate "2019.10.15"]
[EventType "swiss"]
[EventCountry "IND"]
[SourceTitle "playchess.com"]
[Source "ChessBase"]
[SourceQuality "1"]

1. e4 c5 2. Nf3 e6 3. d4 cxd4 4. Nxd4 Nc6 5. Nxc6 bxc6 6. Bd3 d5 7. O-O Nf6 8. Nd2 Be7 9. b3 O-O 10. Bb2 c5 11. Re1 Bb7 12. Qe2 d4 13. e5 Nd5 14. Be4 Qc7 15. Rac1 f6 16. exf6 Rxf6 17. g3 a5 18. c3 Raf8 19. cxd4 Rxf2 20. Qxf2 Rxf2 21. Kxf2 Nb4 22. Ba3 Bxe4 23. Bxb4 Bb7 24. Bxc5 Bg5 25. Rc2 Qf7+ 26. Kg1 Qg6 27. Rb2 Qd3 28. Nf1 Qf3 29. Ree2 Qh1+ 30. Kf2 Bg2 31. Ne3 Bh3 32. Bd6 Qxh2+ 33. Kf3 Qh1+ 34. Kf2 Qe4 35. Rbd2 Bxe3+ 36. Rxe3 Qg2+ 0-1

[Event "WJCC U20 Girls 2019"]
[Site "New Delhi"]
[Date "2019.10.25"]
[Round "11.17"]
[White "Eesha Ajay Sarda"]
[Black "Altantuya, Boldbaatar"]
[Result "0-1"]
[WhiteElo "1744"]
[BlackElo "2277"]
[Annotator "NA"]
[PlyCount "186"]
[EventDate "2019.10.15"]
[EventType "swiss"]
[EventCountry "IND"]
[SourceTitle "playchess.com"]
[Source "ChessBase"]
[SourceQuality "1"]

1. d4 Nf6 2. Nf3 e6 3. Bf4 d5 4. e3 Bd6 5. Bg3 O-O 6. Bd3 c5 7. c3 b6 8. Qe2 Bb7 9. Nbd2 Qc7 10. Ne5 Nc6 11. Ndf3 Ne7 12. O-O Ne4 13. Bxe4 dxe4 14. Nd2 Nf5 15. Nec4 Nxg3 16. hxg3 Be7 17. Rfd1 b5 18. Na3 a6 19. Nc2 f5 20. dxc5 Bxc5 21. c4 bxc4 22. Nxc4 Bd5 23. Nd4 Rfd8 24. Rac1 Rac8 25. Nb3 Bb4 26. Ncd2 Qb7 27. Rxc8 Rxc8 28. Rc1 g6 29. Qd1 Kf7 30. Rc2 Be7 31. Na5 Qb8 32. Qc1 Rxc2 33. Qxc2 Qb4 34. Nac4 Qc5 35. Qa4 Qb5 36. Qc2 Kg7 37. b3 Qc5 38. Kf1 Bf6 39. Ke2 g5 40. Kf1 h5 41. Qd1 Kh6 42. Qc2 Bb7 43. Qc1 Kg6 44. Ke2 a5 45. Kf1 Ba6 46. Kg1 Qb4 47. a3 Qc5 48. Qc2 Bb7 49. Kh2 Kh6 50. Kg1 Bd5 51. Kf1 Bc6 52. Kg1 Kg7 53. Qd1 g4 54. Qc2 Bd5 55. Kf1 Kf8 56. Kg1 Ke7 57. Kf1 Bc6 58. Kg1 Bb7 59. Qd1 h4 60. gxh4 Bxh4 61. g3 Bf6 62. Kg2 Kf7 63. Nb1 Bd5 64. Qc2 Kg7 65. Nbd2 Kh6 66. Qc1 Kg5 67. Qh1 Kg6 68. Qc1 Kg7 69. Qc2 Bc6 70. Kg1 Bb5 71. Kg2 Kg6 72. Kg1 Qc7 73. Kg2 Qd8 74. Qc1 Ba6 75. Kg1 Qd5 76. Kg2 Qc5 77. Qc2 Bb7 78. Qc1 Qc7 79. Kg1 Kh7 80. Qc2 Bd5 81. Kg2 Be7 82. Qc1 Kg6 83. Qf1 Bc5 84. Qc1 Bf8 85. Qc2 Kf7 86. Qc3 Kg8 87. Qc2 Qc6 88. Qc3 Qc7 89. Qc2 Qh7 90. Qc1 Qh3+ 91. Kg1 Bg7 92. Nxa5 f4 93. Qf1 fxe3 0-1

[Event "WJCC U20 Girls 2019"]
[Site "New Delhi"]
[Date "2019.10.25"]
[Round "11.18"]
[White "Olde, Margareth"]
[Black "Bauyrzhan, Arnash"]
[Result "1/2-1/2"]
[WhiteElo "2205"]
[BlackElo "2075"]
[Annotator "TA"]
[PlyCount "102"]
[EventDate "2019.10.15"]
[EventType "swiss"]
[EventCountry "IND"]
[SourceTitle "playchess.com"]
[Source "ChessBase"]
[SourceQuality "1"]

1. d4 d5 2. c4 e6 3. Nf3 Nf6 4. g3 Be7 5. Bg2 O-O 6. O-O dxc4 7. Ne5 Nc6 8. Nxc6 bxc6 9. Na3 Rb8 10. Nxc4 c5 11. Na5 Bd7 12. Nb7 Qe8 13. Nxc5 Bxc5 14. dxc5 Bc6 15. Qc2 Bxg2 16. Kxg2 Qc6+ 17. f3 Nd5 18. a3 a5 19. e4 Nf6 20. Bd2 a4 21. Bb4 Nd7 22. Rfd1 Ne5 23. Qc3 f6 24. Rd2 Qb5 25. b3 Nc6 26. bxa4 Qxa4 27. Rb1 Rfd8 28. Rxd8+ Rxd8 29. Qb3 Qa6 30. Qxe6+ Kf8 31. Qa2 Nxb4 32. Rxb4 Rd1 33. Qc4 Rd2+ 34. Kh3 Qc8+ 35. g4 h5 36. e5 fxe5 37. Rb3 Rd4 38. Qe2 Qe6 39. Re3 Qh6 40. Kg2 hxg4 41. fxg4 Kg8 42. a4 Qc6+ 43. Kg3 Qxc5 44. Rxe5 Qd6 45. Kh4 Qf6+ 46. Kh3 Rxa4 47. Qe3 Ra3 48. Re8+ Kf7 49. Qxa3 Kxe8 50. Qa8+ Ke7 51. Qe4+ Kd6 1/2-1/2

[Event "WJCC U20 Girls 2019"]
[Site "New Delhi"]
[Date "2019.10.25"]
[Round "11.19"]
[White "Afraoui, Anaelle"]
[Black "Pychova, Nela"]
[Result "1/2-1/2"]
[WhiteElo "2106"]
[BlackElo "2178"]
[Annotator "TA"]
[PlyCount "68"]
[EventDate "2019.10.15"]
[EventType "swiss"]
[EventCountry "IND"]
[SourceTitle "playchess.com"]
[Source "ChessBase"]
[SourceQuality "1"]

1. e4 e5 2. Nf3 Nf6 3. Nxe5 d6 4. Nf3 Nxe4 5. Nc3 Nxc3 6. dxc3 Be7 7. Be3 Nc6 8. Qd2 Be6 9. O-O-O Qd7 10. Kb1 a6 11. Nd4 Nxd4 12. Bxd4 O-O 13. Be2 Rfd8 14. h3 c5 15. Be3 d5 16. g4 b5 17. f4 f6 18. f5 Bf7 19. Rhe1 Qc7 20. Bf3 Rac8 21. Bf2 a5 22. Qe2 Bf8 23. Qxb5 Rb8 24. Qd3 c4 25. Qd4 a4 26. Ka1 Rb5 27. Qd2 Rdb8 28. Rb1 Bd6 29. Be3 Bg3 30. Red1 Be5 31. Bd4 Bf4 32. Be3 Be5 33. Bd4 Bf4 34. Be3 Be5 1/2-1/2

[Event "WJCC U20 Girls 2019"]
[Site "New Delhi"]
[Date "2019.10.25"]
[Round "11.20"]
[White "Mrudul Dehankar"]
[Black "Zhang, Xiao"]
[Result "1/2-1/2"]
[WhiteElo "2227"]
[BlackElo "2053"]
[Annotator "TA"]
[PlyCount "88"]
[EventDate "2019.10.15"]
[EventType "swiss"]
[EventCountry "IND"]
[SourceTitle "playchess.com"]
[Source "ChessBase"]
[SourceQuality "1"]

1. e4 c6 2. d4 d5 3. Nc3 g6 4. Nf3 Bg4 5. Be2 Bg7 6. Be3 Nf6 7. h3 Bxf3 8. gxf3 e6 9. Qd2 O-O 10. h4 b5 11. e5 Nfd7 12. h5 c5 13. hxg6 fxg6 14. Nxb5 cxd4 15. Nxd4 Qe7 16. f4 Nc5 17. Bg4 Nbd7 18. Nc6 Qf7 19. Qb4 a5 20. Qd2 h5 21. Bh3 Bh6 22. Rg1 Bxf4 23. Rg3 g5 24. Rxg5+ Kh7 25. Rg2 Ra6 26. Nd4 Nxe5 27. Qe2 Bxe3 28. Qxe3 Qf4 29. O-O-O Nc4 30. Qxf4 Rxf4 31. b3 Ne5 32. Rg5 Nf3 33. Nxf3 Rxf3 34. Rh1 Ne4 35. Rxh5+ Kg6 36. Bf1 Rc6 37. Rh6+ Kf5 38. R6h5+ Kf6 39. Re5 Kxe5 40. Rh5+ Kd4 41. Bb5 Rc5 42. Be2 Rxf2 43. Bd3 Rc6 44. Rh4 Ke5 1/2-1/2

[Event "WJCC U20 Girls 2019"]
[Site "New Delhi"]
[Date "2019.10.25"]
[Round "11.21"]
[White "Ortiz Verdezoto, Anahi"]
[Black "Potapova, Margarita"]
[Result "0-1"]
[WhiteElo "2055"]
[BlackElo "2377"]
[Annotator "TA"]
[PlyCount "102"]
[EventDate "2019.10.15"]
[EventType "swiss"]
[EventCountry "IND"]
[SourceTitle "playchess.com"]
[Source "ChessBase"]
[SourceQuality "1"]

1. d4 Nf6 2. c4 c5 3. d5 b5 4. cxb5 a6 5. b6 d6 6. Nc3 Nbd7 7. e4 g6 8. Nf3 Bg7 9. a4 a5 10. Bb5 O-O 11. Qe2 Nxb6 12. h3 Bb7 13. O-O Ne8 14. Rd1 Nc7 15. Bg5 h6 16. Bh4 Kh7 17. e5 f6 18. exd6 exd6 19. Bd3 Qd7 20. Qc2 f5 21. Re1 Ncxd5 22. Bb5 Qc7 23. Nxd5 Nxd5 24. Rad1 Nf6 25. Nd4 Be4 26. Qc1 Qf7 27. Nc6 Qc7 28. Nd4 Qc8 29. Bxf6 Bxf6 30. Nb3 Rd8 31. Qd2 Qc7 32. f3 Bb7 33. Re6 Bg5 34. f4 Be7 35. Qe2 Be4 36. Nd2 d5 37. Nxe4 dxe4 38. Rf1 Rd4 39. g4 Bd6 40. Qf2 Qf7 41. gxf5 Qxf5 42. Bd7 Qf7 43. f5 Qxd7 44. Qh4 Bf8 45. Qg4 g5 46. Qh5 Rd2 47. Qg6+ Kh8 48. Qf6+ Bg7 49. Qg6 Bf8 50. Rc6 Qd4+ 51. Kh1 Qd3 0-1

[Event "WJCC U20 Girls 2019"]
[Site "New Delhi"]
[Date "2019.10.25"]
[Round "11.22"]
[White "Obregon Garcia, Roxangel"]
[Black "Savitha Shri B"]
[Result "1-0"]
[WhiteElo "2267"]
[BlackElo "1916"]
[Annotator "TA"]
[PlyCount "91"]
[EventDate "2019.10.15"]
[EventType "swiss"]
[EventCountry "IND"]
[SourceTitle "playchess.com"]
[Source "ChessBase"]
[SourceQuality "1"]

1. e4 c5 2. Nf3 d6 3. d4 cxd4 4. Nxd4 Nf6 5. Nc3 Nc6 6. Bg5 e6 7. Qd2 Be7 8. O-O-O a6 9. f4 Bd7 10. Nf3 b5 11. Bxf6 gxf6 12. Kb1 b4 13. Ne2 Qb6 14. f5 a5 15. fxe6 fxe6 16. g3 e5 17. Qh6 O-O-O 18. Nd2 Qc5 19. Bh3 Kb7 20. Nb3 Qb5 21. Rhe1 Qb6 22. Bxd7 Rxd7 23. Rd5 Rc7 24. c4 Ka6 25. Qd2 Rb7 26. Qd3 Ka7 27. Rc1 Rd8 28. Rb5 Qa6 29. Qd5 a4 30. Na5 Rc7 31. Nxc6+ Qxc6 32. Qxc6 Rxc6 33. Rxb4 Ra6 34. Rb5 Rc8 35. b3 axb3 36. axb3 Rb6 37. Nc3 Rxb5 38. Nxb5+ Kb6 39. Rd1 Kc5 40. Rd5+ Kb6 41. Nxd6 Rg8 42. Kc2 h5 43. c5+ Kc7 44. Nf5 Bf8 45. b4 Rg4 46. Kd3 1-0

[Event "WJCC U20 Girls 2019"]
[Site "New Delhi"]
[Date "2019.10.25"]
[Round "11.23"]
[White "Priyanka, Kumari"]
[Black "Mungunzul, Bat-Erdene"]
[Result "0-1"]
[WhiteElo "1921"]
[BlackElo "1912"]
[Annotator "NA RC"]
[PlyCount "156"]
[EventDate "2019.10.15"]
[EventType "swiss"]
[EventCountry "IND"]
[SourceTitle "playchess.com"]
[Source "ChessBase"]
[SourceQuality "1"]

1. e4 e5 2. Nf3 Nc6 3. Bb5 a6 4. Ba4 Nf6 5. d3 b5 6. Bb3 Bc5 7. Nc3 h6 8. Nd5 d6 9. c3 Ba7 10. Nxf6+ Qxf6 11. Bd5 Bd7 12. Be3 O-O 13. Rg1 Bxe3 14. fxe3 Rab8 15. g4 g5 16. Bxc6 Bxc6 17. Qe2 Qe6 18. Nd2 f6 19. Nf1 Be8 20. Ng3 Bg6 21. h4 Kg7 22. Kd2 c6 23. Rh1 Rh8 24. b3 a5 25. Kc2 Qf7 26. Qf3 Qe6 27. Kb2 c5 28. Rhf1 Rhf8 29. Kc2 c4 30. d4 b4 31. Nf5+ Bxf5 32. Qxf5 Qxf5 33. exf5 Rfc8 34. cxb4 cxb3+ 35. Kd3 b2 36. Rab1 Rxb4 37. hxg5 hxg5 38. Rf2 exd4 39. Rfxb2 Rc3+ 40. Kd2 Rxb2+ 41. Rxb2 Rxe3 42. Rb7+ Kf8 43. Rb8+ Ke7 44. Rb7+ Ke8 45. Rb8+ Kd7 46. Rb7+ Kc6 47. Rf7 Ra3 48. Rxf6 Rxa2+ 49. Kd3 Rg2 50. Rf8 Kd5 51. Ra8 Rg3+ 52. Kd2 Rxg4 53. Rxa5+ Ke4 54. f6 d5 55. Ra8 Rf4 56. Rg8 Rf2+ 57. Ke1 Rxf6 58. Rxg5 Ra6 59. Rg3 Ra1+ 60. Kd2 Ra2+ 61. Kd1 Rh2 62. Ke1 Rc2 63. Kd1 Rf2 64. Ra3 Rf3 65. Ra8 Ke3 66. Ke1 Rh3 67. Re8+ Kd3 68. Rd8 Rh1+ 69. Kf2 Kc3 70. Rc8+ Kd2 71. Rd8 Rh5 72. Ra8 Rf5+ 73. Kg3 d3 74. Ra2+ Ke1 75. Ra1+ Ke2 76. Kg4 Rf8 77. Ra7 d2 78. Re7+ Kf1 0-1

[Event "WJCC U20 Girls 2019"]
[Site "New Delhi"]
[Date "2019.10.25"]
[Round "11.24"]
[White "Sapale Saloni"]
[Black "Ghosh Samriddhaa"]
[Result "1-0"]
[WhiteElo "2142"]
[BlackElo "1867"]
[Annotator "RC"]
[PlyCount "117"]
[EventDate "2019.10.15"]
[EventType "swiss"]
[EventCountry "IND"]
[SourceTitle "playchess.com"]
[Source "ChessBase"]
[SourceQuality "1"]

1. e4 c6 2. d4 d5 3. e5 Bf5 4. h4 h5 5. Bd3 Bxd3 6. Qxd3 e6 7. Bg5 Qa5+ 8. Nd2 Qa6 9. c4 Ne7 10. Ne2 Nd7 11. O-O Nf5 12. Ng3 Ne7 13. b3 f6 14. exf6 gxf6 15. Bf4 O-O-O 16. Qc2 e5 17. dxe5 Nxe5 18. Nf5 N7g6 19. Bg3 Bb4 20. cxd5 Bxd2 21. Bxe5 fxe5 22. Qxd2 cxd5 23. Qg5 Kb8 24. Ne7 Nxe7 25. Qxe7 Rhe8 26. Qg5 Qe6 27. Rae1 e4 28. Qxh5 Rh8 29. Qg5 Rdg8 30. Qf4+ Ka8 31. f3 Qh3 32. Qh2 Qxh2+ 33. Kxh2 Rxh4+ 34. Kg1 a6 35. fxe4 dxe4 36. Rf2 Rhg4 37. Re3 Ka7 38. Rfe2 Re8 39. g3 Reg8 40. Kg2 Kb6 41. Rc2 Rd8 42. Kh3 Rd3 43. Rc3 Rxc3 44. Rxc3 Rg7 45. Kg2 Rd7 46. Rc2 Kb5 47. g4 Rf7 48. Re2 Rf4 49. Kg3 Rf3+ 50. Kh4 e3 51. g5 Kc5 52. g6 Rf6 53. Kg5 Re6 54. g7 Re8 55. Kf6 Kd4 56. Rh2 Rg8 57. Rh8 Rxg7 58. Kxg7 e2 59. Rh3 1-0

[Event "WJCC U20 Girls 2019"]
[Site "New Delhi"]
[Date "2019.10.25"]
[Round "11.25"]
[White "Bhagyashree Patil"]
[Black "Ferkova, Dominika"]
[Result "1/2-1/2"]
[WhiteElo "1802"]
[BlackElo "2096"]
[Annotator "NA RC"]
[PlyCount "64"]
[EventDate "2019.10.15"]
[EventType "swiss"]
[EventCountry "IND"]
[SourceTitle "playchess.com"]
[Source "ChessBase"]
[SourceQuality "1"]

1. e4 c6 2. d4 d5 3. exd5 cxd5 4. Bd3 Nc6 5. Nf3 Bg4 6. c3 e6 7. h3 Bh5 8. Be3 Bd6 9. Nbd2 Nge7 10. Qc2 Bg6 11. Bxg6 Nxg6 12. O-O O-O 13. b3 Rc8 14. c4 e5 15. dxe5 Ncxe5 16. Nxe5 Bxe5 17. Rad1 Qf6 18. Qd3 dxc4 19. Nxc4 Bb8 20. Qd4 Qe7 21. Qd7 Rfd8 22. Qxe7 Nxe7 23. Rxd8+ Rxd8 24. Bc5 Nc6 25. Re1 f6 26. g3 Kf7 27. Kg2 b6 28. Be3 Nb4 29. Re2 Nd5 30. Bd2 Bc7 31. Ne3 Nxe3+ 32. Bxe3 Be5 1/2-1/2

[Event "WJCC U20 Girls 2019"]
[Site "New Delhi"]
[Date "2019.10.25"]
[Round "11.26"]
[White "Kairbekova, Amina"]
[Black "Meghna, C H"]
[Result "1/2-1/2"]
[WhiteElo "2096"]
[BlackElo "1956"]
[Annotator "NA RC"]
[PlyCount "81"]
[EventDate "2019.10.15"]
[EventType "swiss"]
[EventCountry "IND"]
[SourceTitle "playchess.com"]
[Source "ChessBase"]
[SourceQuality "1"]

1. e4 e6 2. d4 d5 3. Nc3 Bb4 4. e5 Ne7 5. a3 Bxc3+ 6. bxc3 c5 7. Qg4 Qc7 8. Bd3 cxd4 9. Ne2 dxc3 10. Qxg7 Rg8 11. Qxh7 Qxe5 12. h4 Nd7 13. Bf4 Qf6 14. Bg5 Qh8 15. Qxh8 Rxh8 16. Nxc3 a6 17. f3 f6 18. Bd2 Ne5 19. Kf2 Nxd3+ 20. cxd3 e5 21. g4 Be6 22. Rae1 Kf7 23. g5 Nc6 24. f4 fxg5 25. hxg5 exf4 26. g6+ Kg7 27. Rxh8 Rxh8 28. Rxe6 Rh2+ 29. Ke1 Rh1+ 30. Kf2 Rh2+ 31. Kg1 Rxd2 32. Nxd5 Nd4 33. Re7+ Kxg6 34. Nxf4+ Kf5 35. Rf7+ Kg4 36. Kf1 Nc2 37. a4 Kf3 38. Ng2+ Kg3 39. Rg7+ Kf3 40. Rf7+ Kg3 41. Rg7+ 1/2-1/2

[Event "WJCC U20 Girls 2019"]
[Site "New Delhi"]
[Date "2019.10.25"]
[Round "11.27"]
[White "Fretel, Liza"]
[Black "Salimova, Nurgyul"]
[Result "0-1"]
[WhiteElo "1877"]
[BlackElo "2415"]
[Annotator "TA"]
[PlyCount "34"]
[EventDate "2019.10.15"]
[EventType "swiss"]
[EventCountry "IND"]
[SourceTitle "playchess.com"]
[Source "ChessBase"]
[SourceQuality "1"]

1. e4 e5 2. Nf3 Nc6 3. Bc4 Nf6 4. d3 Be7 5. O-O O-O 6. Re1 d6 7. a4 Kh8 8. a5 a6 9. Nbd2 Ng8 10. Nf1 f5 11. exf5 Bxf5 12. Ne3 Bg6 13. Bd5 Bh5 14. g4 Bg6 15. Be4 Bxe4 16. dxe4 Rf4 17. Nd2 Rf7 0-1

[Event "WJCC U20 Girls 2019"]
[Site "New Delhi"]
[Date "2019.10.25"]
[Round "11.28"]
[White "Toshali, V."]
[Black "Ulziikhishigjargal, Ochirkhuyag"]
[Result "1/2-1/2"]
[WhiteElo "1868"]
[BlackElo "2194"]
[Annotator "TA"]
[PlyCount "64"]
[EventDate "2019.10.15"]
[EventType "swiss"]
[EventCountry "IND"]
[SourceTitle "playchess.com"]
[Source "ChessBase"]
[SourceQuality "1"]

1. d4 Nf6 2. Nf3 e6 3. Bf4 d5 4. e3 c5 5. c3 Bd6 6. Bb5+ Nc6 7. Bxd6 Qxd6 8. Nbd2 O-O 9. O-O b6 10. a4 Bb7 11. Re1 Rfd8 12. Qe2 Ne7 13. Bd3 h6 14. Ne5 Nd7 15. f4 f6 16. Nxd7 Qxd7 17. Qh5 c4 18. Bc2 f5 19. Nf3 Qe8 20. Qh3 Nc6 21. Kf2 Bc8 22. Rg1 Qg6 23. Nh4 Qf6 24. Nf3 Qg6 25. Qh4 Qf6 26. Qxf6 gxf6 27. g4 Kf7 28. gxf5 exf5 29. Nh4 Ne7 30. Bd1 Bd7 31. Bh5+ Ke6 32. Rg7 a6 1/2-1/2

[Event "WJCC U20 Girls 2019"]
[Site "New Delhi"]
[Date "2019.10.25"]
[Round "11.29"]
[White "Nilssen, Ellen Fredericia"]
[Black "Ananya, Suresh"]
[Result "1/2-1/2"]
[WhiteElo "2137"]
[BlackElo "1896"]
[Annotator "TA"]
[PlyCount "36"]
[EventDate "2019.10.15"]
[EventType "swiss"]
[EventCountry "IND"]
[SourceTitle "playchess.com"]
[Source "ChessBase"]
[SourceQuality "1"]

1. Nf3 Nf6 2. g3 g6 3. Bg2 Bg7 4. O-O O-O 5. c4 d6 6. d4 Nbd7 7. Nc3 e5 8. e4 exd4 9. Nxd4 Ne5 10. b3 Bg4 11. f3 Bd7 12. Bb2 Nc6 13. Nc2 Ne8 14. Na4 Ne5 15. Nc3 Nc6 16. Na4 Ne5 17. Nc3 Nc6 18. Na4 Ne5 1/2-1/2

[Event "WJCC U20 Girls 2019"]
[Site "New Delhi"]
[Date "2019.10.25"]
[Round "11.30"]
[White "Nomindalai Tumurbaatar"]
[Black "Rindhiya V"]
[Result "1-0"]
[WhiteElo "2061"]
[BlackElo "1817"]
[Annotator "NA"]
[PlyCount "119"]
[EventDate "2019.10.15"]
[EventType "swiss"]
[EventCountry "IND"]
[SourceTitle "playchess.com"]
[Source "ChessBase"]
[SourceQuality "1"]

1. d4 f5 2. Bf4 e6 3. e3 Nf6 4. Be2 Be7 5. Nd2 O-O 6. h3 d5 7. Ngf3 b6 8. Ne5 Bb7 9. Bd3 Ne4 10. Qe2 c5 11. c3 Nd7 12. O-O-O a6 13. f3 Nxd2 14. Qxd2 b5 15. g4 cxd4 16. cxd4 Nxe5 17. Bxe5 Bd6 18. f4 b4 19. Rdg1 Bxe5 20. fxe5 a5 21. gxf5 exf5 22. Qg2 Qe7 23. Qf3 Rf7 24. Rh2 Raf8 25. Rhg2 Bc8 26. Qxd5 Be6 27. Qxa5 Qb7 28. Qa6 Qd5 29. b3 Ra8 30. Qd6 Qxd6 31. exd6 Rd8 32. Bc4 Rxd6 33. d5 Bc8 34. Kb2 g6 35. a3 bxa3+ 36. Kxa3 f4 37. exf4 Rxf4 38. Rg3 Kf7 39. Kb4 Rff6 40. Rf1 Rxf1 41. Bxf1 Rf6 42. Bc4 Ke7 43. Kc5 Bf5 44. Re3+ Kd8 45. b4 h5 46. b5 g5 47. b6 Bc8 48. Bb5 Rf8 49. Bc6 g4 50. hxg4 hxg4 51. b7 Bxb7 52. Bxb7 Rg8 53. Rg3 Rg5 54. Ba6 Ke7 55. Be2 Kd8 56. Rxg4 Re5 57. Bb5 Rh5 58. Kc6 Rh6+ 59. d6 Rh8 60. Ra4 1-0

[Event "WJCC U20 Girls 2019"]
[Site "New Delhi"]
[Date "2019.10.25"]
[Round "11.31"]
[White "Bakshi, Rutuja"]
[Black "Punsalan, Vyanla M"]
[Result "1-0"]
[WhiteElo "2029"]
[BlackElo "1964"]
[Annotator "NA"]
[PlyCount "81"]
[EventDate "2019.10.15"]
[EventType "swiss"]
[EventCountry "IND"]
[SourceTitle "playchess.com"]
[Source "ChessBase"]
[SourceQuality "1"]

1. Nf3 f5 2. c4 Nf6 3. g3 d6 4. d4 g6 5. Bg2 Bg7 6. O-O O-O 7. Qc2 Qe8 8. d5 a5 9. Nc3 Na6 10. Be3 h6 11. a3 g5 12. Qd2 Qh5 13. Bd4 Nc5 14. Bxc5 dxc5 15. Qe3 Ne4 16. Nxe4 fxe4 17. Qxe4 Bh3 18. Bxh3 Qxh3 19. Ne5 Qf5 20. Qxf5 Rxf5 21. Nd3 b5 22. g4 bxc4 23. gxf5 cxd3 24. exd3 Rd8 25. Rfe1 Kf8 26. Re2 Rxd5 27. Rc1 Rxf5 28. Rc4 Rd5 29. Rec2 Rxd3 30. Rxc5 Rb3 31. Rxa5 Bxb2 32. a4 Ba3 33. Rxc7 Bd6 34. Rc8+ Kf7 35. Rb5 Rh3 36. a5 Bxh2+ 37. Kg2 g4 38. a6 Ra3 39. Kxh2 Rxa6 40. Kg3 Ra4 41. Rc6 1-0

[Event "WJCC U20 Girls 2019"]
[Site "New Delhi"]
[Date "2019.10.25"]
[Round "11.32"]
[White "Figueroa Bernal, Julia Dennis"]
[Black "Tamarozi, Isabelle"]
[Result "1-0"]
[WhiteElo "1777"]
[BlackElo "2029"]
[Annotator "NA"]
[PlyCount "75"]
[EventDate "2019.10.15"]
[EventType "swiss"]
[EventCountry "IND"]
[SourceTitle "playchess.com"]
[Source "ChessBase"]
[SourceQuality "1"]

1. e4 c5 2. Nf3 Nc6 3. Bb5 g6 4. O-O Bg7 5. Re1 Nf6 6. e5 Nd5 7. Nc3 Nc7 8. Bxc6 dxc6 9. d3 Ne6 10. Ne4 Qc7 11. Be3 b6 12. Qd2 h6 13. Ng3 Bb7 14. a4 Rd8 15. Qc3 O-O 16. Ne2 Kh7 17. h4 Qb8 18. a5 Nd4 19. Nfxd4 cxd4 20. Bxd4 c5 21. Be3 Bxe5 22. Qd2 Bg7 23. axb6 axb6 24. Rab1 Qc8 25. f3 Rd5 26. Bf2 Bf6 27. b4 g5 28. c4 Rd7 29. bxc5 gxh4 30. Rxb6 Rg8 31. Qf4 h3 32. Qf5+ Rg6 33. Nf4 Qd8 34. c6 Rd6 35. Rxb7 Kg7 36. Nxg6 fxg6 37. Qxh3 Rxc6 38. Qd7 1-0

[Event "WJCC U20 Girls 2019"]
[Site "New Delhi"]
[Date "2019.10.25"]
[Round "11.33"]
[White "Cosme Contreras, Trilce"]
[Black "Djuric, Anja"]
[Result "1-0"]
[WhiteElo "2027"]
[BlackElo "1493"]
[Annotator "NA"]
[PlyCount "77"]
[EventDate "2019.10.15"]
[EventType "swiss"]
[EventCountry "IND"]
[SourceTitle "playchess.com"]
[Source "ChessBase"]
[SourceQuality "1"]

1. d4 Nf6 2. c4 g6 3. Nc3 Bg7 4. e4 d6 5. Nf3 O-O 6. Be2 Nbd7 7. O-O e5 8. d5 Nc5 9. Qc2 a5 10. Be3 Nfd7 11. b3 h6 12. a3 f5 13. b4 axb4 14. axb4 Rxa1 15. Rxa1 Na6 16. exf5 gxf5 17. Rb1 f4 18. Bd2 Nb6 19. Ne4 Bf5 20. Bd3 Bg4 21. Be2 Bf5 22. h3 Bxe4 23. Qxe4 Nd7 24. Qc2 Nab8 25. Bd3 c6 26. Bf5 Nb6 27. Be6+ Kh8 28. Qd3 Qe7 29. g3 fxg3 30. fxg3 Qf6 31. Rf1 cxd5 32. cxd5 N8d7 33. Kh2 e4 34. Qxe4 Ne5 35. Ng5 Qg6 36. Rxf8+ Bxf8 37. Nf7+ Kg7 38. Bxh6+ Kf6 39. Qh4+ 1-0

[Event "WJCC U20 Girls 2019"]
[Site "New Delhi"]
[Date "2019.10.25"]
[Round "11.34"]
[White "Gomez Barrera, Javiera Belen"]
[Black "Srimathi R"]
[Result "1-0"]
[WhiteElo "2033"]
[BlackElo "1914"]
[Annotator "NA"]
[PlyCount "125"]
[EventDate "2019.10.15"]
[EventType "swiss"]
[EventCountry "IND"]
[SourceTitle "playchess.com"]
[Source "ChessBase"]
[SourceQuality "1"]

1. e4 c5 2. Nf3 Nc6 3. d4 cxd4 4. Nxd4 g6 5. c4 Bg7 6. Be3 Nf6 7. Nc3 Ng4 8. Qxg4 Nxd4 9. Qd1 Ne6 10. Qd2 Qa5 11. Rc1 b6 12. Be2 Bb7 13. f3 f5 14. exf5 gxf5 15. O-O Rg8 16. Rfd1 Rd8 17. Nd5 Qxd2 18. Rxd2 d6 19. Bd3 Nd4 20. Re1 e6 21. Kh1 Kf7 22. Bxd4 Bxd4 23. Bxf5 Bxd5 24. Rxd4 exf5 25. Rxd5 Kf6 26. Kg1 Rg7 27. Kf2 Rc7 28. b3 Rg7 29. g3 Rf7 30. Red1 Ke6 31. R1d4 Rf6 32. Ke3 Rf7 33. Kf4 Rf6 34. Rd2 h6 35. Re2+ Kf7 36. Rxf5 Rxf5+ 37. Kxf5 Rg8 38. Rd2 Rg5+ 39. Kf4 Rg6 40. Rd5 Ke6 41. g4 Kf7 42. a4 Ke6 43. a5 bxa5 44. Rxa5 Rg7 45. Rh5 Rg6 46. h4 Rf6+ 47. Rf5 Rg6 48. g5 h5 49. Rf6+ Rxf6+ 50. gxf6 Kxf6 51. b4 Kg6 52. Ke4 Kf6 53. Kd5 Kf5 54. Kxd6 Kf4 55. c5 Kxf3 56. c6 Kg3 57. c7 Kxh4 58. c8=Q Kg3 59. Qc3+ Kg4 60. Ke5 h4 61. Ke4 h3 62. Qg7+ Kh4 63. Kf4 1-0